[Event "IV Weekend A"]
[Site "Castelfidardo ITA"]
[Date "2000.12.02"]
[Round "4"]
[White "Baleani, Emanuele"]
[Black "Castura', Ilario"]
[Result "0-1"]
[WhiteElo "1629"]
[BlackElo "1500"]
[PlyCount "42"]
[EventDate "2000.11.25"]

1. e4 e5 2. Nf3 Nc6 3. Bc4 Bc5 4. c3 Nf6 5. d4 exd4 6. e5 d5 7. Bb5 Ne4 8. cxd4
Bb6 9. O-O O-O 10. Bxc6 bxc6 11. b4 a5 12. a3 axb4 13. Nbd2 Bg4 14. Bb2 bxa3
15. Rxa3 Rxa3 16. Bxa3 Re8 17. Qc2 Nxd2 18. Qxd2 Bxf3 19. gxf3 Qh4 20. Rd1 Qh3
21. Qd3 Re6 0-1

[Event "IV Weekend A"]
[Site "Castelfidardo ITA"]
[Date "2000.12.02"]
[Round "4"]
[White "Brunelli, Lorenzo"]
[Black "Ragnini, Damiano"]
[Result "1-0"]
[WhiteElo "1494"]
[BlackElo "1356"]
[PlyCount "79"]
[EventDate "2000.11.25"]

1. d4 Nf6 2. Nf3 e6 3. c4 b5 4. e3 bxc4 5. Bxc4 d5 6. Bd3 Be7 7. Nc3 Ba6 8.
Qa4+ Qd7 9. Bb5 Bxb5 10. Qxb5 Nc6 11. Ne5 Nxe5 12. dxe5 Qxb5 13. Nxb5 Bb4+ 14.
Ke2 O-O 15. exf6 c6 16. fxg7 Kxg7 17. Nd4 Rac8 18. a3 Ba5 19. b4 Bd8 20. Bb2
Bf6 21. Rab1 e5 22. Nb3 Rfe8 23. Rhe1 d4 24. Nc5 Rcd8 25. exd4 exd4+ 26. Kd3
Be5 27. g3 Bf6 28. Rxe8 Rxe8 29. Nd7 Bg5 30. Bxd4+ f6 31. f4 Rd8 32. Nc5 Rd5
33. fxg5 Kg6 34. gxf6 Rf5 35. Ke4 Rg5 36. Rf1 h5 37. Ne6 Rg4+ 38. Rf4 Kf7 39.
Rxg4 hxg4 40. Nd8+ 1-0

[Event "IV Weekend A"]
[Site "Castelfidardo ITA"]
[Date "2000.12.02"]
[Round "4"]
[White "Fioravanti, Diego"]
[Black "Negri, Jacopo"]
[Result "1-0"]
[WhiteElo "1618"]
[BlackElo "1600"]
[PlyCount "93"]
[EventDate "2000.11.25"]

1. Nc3 Nf6 2. e4 e6 3. e5 Ng8 4. b3 d6 5. exd6 Bxd6 6. Bb2 Nf6 7. Nf3 Nbd7 8.
g3 Nb6 9. Bg2 c6 10. O-O O-O 11. d3 Nbd5 12. Ne4 Be7 13. Qe2 a5 14. h3 a4 15.
g4 b6 16. Be5 Nxe4 17. dxe4 Ba6 18. c4 Nf6 19. Rfd1 Qc8 20. bxa4 Nd7 21. Rab1
Nxe5 22. Nxe5 Qc7 23. Nd7 Rfd8 24. Nxb6 Rxd1+ 25. Qxd1 Rd8 26. Qc2 Bc5 27. a5
Qf4 28. Na4 Rd2 29. Qxd2 Qxd2 30. Nxc5 g6 31. Nxa6 Qxa5 32. Nb4 c5 33. Nc2 Qxa2
34. Rb8+ Kg7 35. Ne3 Qa1+ 36. Bf1 Qe5 37. Rb5 f5 38. exf5 gxf5 39. gxf5 exf5
40. Bd3 f4 41. Ng4 Qa1+ 42. Kg2 Qd1 43. Be4 h5 44. Rb7+ Kf8 45. Nf6 Qd4 46.
Nh7+ Ke8 47. Bc6+ 1-0

[Event "IV Weekend A"]
[Site "Castelfidardo ITA"]
[Date "2000.12.02"]
[Round "4"]
[White "Fioravanti, Emidio"]
[Black "Cerusico, Carlo"]
[Result "1-0"]
[WhiteElo "1825"]
[BlackElo "1431"]
[PlyCount "73"]
[EventDate "2000.11.25"]

1. e4 e6 2. d4 d5 3. e5 c5 4. c3 Nc6 5. Nf3 Qb6 6. Bd3 Bd7 7. dxc5 Bxc5 8. O-O
a6 9. Qe2 Qc7 10. Bf4 Nge7 11. Nbd2 Ng6 12. Bg3 O-O-O 13. b4 Bb6 14. b5 axb5
15. Bxb5 h6 16. Nb3 Nge7 17. a4 Na5 18. Nxa5 Bxa5 19. c4 Bc6 20. Bxc6 Nxc6 21.
Rfc1 d4 22. Rab1 g5 23. Rb5 d3 24. Qe3 Bb4 25. Rd1 Qd7 26. Qb6 Qe7 27. a5 Bxa5
28. Rxa5 Nxa5 29. Qxa5 Qc7 30. Qa8+ Qb8 31. Qa3 Rd7 32. h3 Rhd8 33. Nd2 b6 34.
Ne4 Ra7 35. Nd6+ Rxd6 36. Qxd6 Rd7 37. Qf8+ 1-0

[Event "IV Weekend A"]
[Site "Castelfidardo ITA"]
[Date "2000.12.02"]
[Round "4"]
[White "Marinucci, Johnny"]
[Black "Yamauchi, Juan"]
[Result "1/2-1/2"]
[WhiteElo "1365"]
[BlackElo "1464"]
[PlyCount "111"]
[EventDate "2000.11.25"]

1. d4 Nf6 2. Nf3 g6 3. Bf4 d6 4. h3 Bg7 5. e3 Nbd7 6. c4 c5 7. Nc3 O-O 8. Be2
a6 9. O-O b6 10. Re1 Qc7 11. Bh2 Bb7 12. d5 Rad8 13. Nd2 e5 14. e4 Kh8 15. Rc1
Ng8 16. Bg3 Nh6 17. Bh4 Rde8 18. Bg5 f5 19. exf5 gxf5 20. Bh5 Rc8 21. Be7 Rg8
22. Nf3 Nf6 23. Bxf6 Bxf6 24. Qd2 Qg7 25. g3 Rcf8 26. Kh1 e4 27. Nh2 Bg5 28.
Qc2 Bxc1 29. Qxc1 Nf7 30. h4 Ne5 31. Be2 Ng4 32. Nxg4 fxg4 33. Nxe4 Qe5 34. Qc2
Bc8 35. Bd3 Bf5 36. Qd2 Bxe4+ 37. Rxe4 Qf5 38. Kg1 Qf3 39. Re7 Rf7 40. Qc3+
Rgg7 41. Re8+ Rf8 42. Rxf8+ Qxf8 43. Qc2 h5 44. Bf5 Qf6 45. Be6 Qe5 46. Qd2 Rg6
47. Bf7 Rf6 48. Be6 Kg7 49. Qc2 Qd4 50. Qe2 a5 51. Kg2 a4 52. Bd7 Qe5 53. Qxe5
dxe5 54. Bxa4 Kf7 55. Bc2 Ke7 56. b3 1/2-1/2

[Event "IV Weekend A"]
[Site "Castelfidardo ITA"]
[Date "2000.12.02"]
[Round "4"]
[White "Morici, Marco"]
[Black "Bonoli, Luciano"]
[Result "0-1"]
[WhiteElo "1606"]
[BlackElo "1699"]
[PlyCount "99"]
[EventDate "2000.11.25"]

1. c4 e6 2. Nc3 c6 3. e4 Bb4 4. Qb3 Na6 5. a3 Bxc3 6. Qxc3 Qf6 7. d4 c5 8. Be3
d6 9. g3 cxd4 10. Bxd4 e5 11. Be3 b6 12. Bg2 Bb7 13. Qb3 Bc6 14. Ne2 Ne7 15.
O-O O-O 16. Nc3 Rac8 17. Nb5 Bxb5 18. Qxb5 Nc5 19. Rfd1 Nc6 20. Rd2 Qe7 21.
Rad1 Rc7 22. Bxc5 dxc5 23. Rd5 Nd4 24. Qa4 g6 25. Re1 a5 26. Re3 h5 27. h4 Rb8
28. Bf1 Qe6 29. Qd1 Kg7 30. Be2 Rh8 31. Kg2 Qf6 32. b3 Qe7 33. Kg1 Rc6 34. Kg2
g5 35. Bxh5 Rch6 36. g4 gxh4 37. Qd2 Rg8 38. Kf1 Qe6 39. Qd3 Kh8 40. Rh3 Qf6
41. Rd7 Rg7 42. Qe3 Rhh7 43. Qd2 Ne6 44. Qd6 Rxh5 45. gxh5 Qg5 46. Rf3 Qg2+ 47.
Ke2 Nd4+ 48. Kd2 Nxf3+ 49. Kc3 Qg5 50. Rd8+ 0-1

[Event "IV Weekend A"]
[Site "Castelfidardo ITA"]
[Date "2000.12.02"]
[Round "4"]
[White "Padovani, Alessio"]
[Black "Marconi, Andrea"]
[Result "1-0"]
[WhiteElo "1497"]
[BlackElo "1525"]
[PlyCount "119"]
[EventDate "2000.11.25"]

1. c4 d5 2. cxd5 Qxd5 3. Nc3 Qd8 4. g3 Nf6 5. Bg2 Nc6 6. Nf3 Bg4 7. O-O Qd7 8.
Re1 g6 9. d3 h5 10. h4 O-O-O 11. Ng5 Be6 12. Nxe6 Qxe6 13. Bg5 Bh6 14. Qd2 Bxg5
15. Qxg5 Nh7 16. Qc5 Qd6 17. Qxd6 exd6 18. Bxc6 bxc6 19. Rac1 Kd7 20. e3 g5 21.
Ne4 gxh4 22. gxh4 Rhg8+ 23. Ng3 Rg4 24. Rc4 Rdg8 25. Rec1 c5 26. Kf1 Nf6 27.
Ke2 Re8 28. Rxg4 hxg4 29. Rc4 Kc6 30. Ra4 Kb6 31. Rf4 Re6 32. Nf5 Nh5 33. Rxg4
Re5 34. Ng3 f5 35. Rg5 Nf4+ 36. Kd2 Ng2 37. Rxf5 Nxh4 38. Rxe5 Nf3+ 39. Ke2
Nxe5 40. f4 Nf7 41. Kf3 Kb5 42. Ke4 c6 43. Nf5 a5 44. d4 c4 45. Ng3 a4 46. Ne2
Kb4 47. Kf5 Nh6+ 48. Ke6 d5 49. f5 a3 50. bxa3+ Kxa3 51. f6 Kxa2 52. Kd6 Kb2
53. Kxc6 c3 54. Nxc3 Kxc3 55. Kxd5 Kd3 56. e4 Nf7 57. e5 Nh6 58. e6 Ng4 59. f7
Nf6+ 60. Kc6 1-0

[Event "IV Weekend A"]
[Site "Castelfidardo ITA"]
[Date "2000.12.02"]
[Round "4"]
[White "Possanzini, Lorenzo"]
[Black "Mircoli, Filippo"]
[Result "1-0"]
[WhiteElo "1516"]
[BlackElo "1537"]
[PlyCount "49"]
[EventDate "2000.11.25"]

1. c3 e6 2. Nf3 Nf6 3. d4 d5 4. Bg5 Be7 5. e3 h6 6. Bh4 c5 7. Bd3 c4 8. Bc2 O-O
9. O-O Nc6 10. Nbd2 b5 11. a3 Bb7 12. Bg3 Nh5 13. Ne5 Nxg3 14. Nxc6 Bxc6 15.
fxg3 Qc7 16. Nf3 Bd6 17. Qe2 Rae8 18. Qf2 f6 19. Nh4 f5 20. Qe2 Qf7 21. g4 Qf6
22. g3 Qg5 23. gxf5 exf5 24. Nxf5 Bf4 25. Rxf4 1-0

[Event "IV Weekend A"]
[Site "Castelfidardo ITA"]
[Date "2000.12.02"]
[Round "4"]
[White "Rinaudo, Andrea"]
[Black "Rotoni, Matteo"]
[Result "1/2-1/2"]
[WhiteElo "1813"]
[BlackElo "1831"]
[PlyCount "89"]
[EventDate "2000.11.25"]

1. e4 e6 2. d4 d5 3. exd5 exd5 4. Bd3 Nc6 5. c3 Bd6 6. Ne2 Qh4 7. Be3 Bg4 8.
Nd2 Nge7 9. Qc2 O-O-O 10. O-O-O g6 11. g3 Qf6 12. Rde1 Rhe8 13. h4 Qg7 14. f3
Bf5 15. g4 Bxd3 16. Qxd3 f5 17. Bf4 Qf7 18. Rhf1 Kb8 19. Bxd6 Rxd6 20. Nf4 a6
21. g5 Rdd8 22. Re6 Nc8 23. Rfe1 Nb6 24. R1e3 Rxe6 25. Rxe6 Re8 26. Qe2 Rxe6
27. Qxe6 Qxe6 28. Nxe6 Nd7 29. Nb3 b6 30. Kc2 Kc8 31. Nc1 Nd8 32. Nf4 c6 33.
Ncd3 Nf7 34. Ne6 Nd8 35. Ndf4 Nxe6 36. Nxe6 Kb7 37. Kd3 c5 38. b4 Kc6 39. a4
Kd6 40. Nf4 Nf8 41. Ke3 Nd7 42. h5 Nf8 43. hxg6 hxg6 44. bxc5+ bxc5 45. Kd2
1/2-1/2

[Event "IV Weekend A"]
[Site "Castelfidardo ITA"]
[Date "2000.12.02"]
[Round "4"]
[White "Rinaudo, Sergio"]
[Black "Graziani, Claudio"]
[Result "0-1"]
[WhiteElo "1783"]
[BlackElo "1759"]
[PlyCount "78"]
[EventDate "2000.11.25"]

1. d4 d5 2. Nf3 Nc6 3. e3 Bg4 4. h3 Bxf3 5. Qxf3 Nf6 6. Bb5 e6 7. O-O Be7 8. c4
a6 9. Bxc6+ bxc6 10. Nc3 O-O 11. b3 a5 12. Bb2 Rb8 13. cxd5 cxd5 14. Rac1 Qd7
15. e4 dxe4 16. Nxe4 Nxe4 17. Qxe4 a4 18. Qc2 axb3 19. axb3 Bd6 20. Rfd1 Rb5
21. Qc4 Rfb8 22. Rd3 h6 23. Rcc3 Rb4 24. Qa6 Qe8 25. Qa2 R4b5 26. Rc4 Rd5 27.
Bc3 Qb5 28. Bd2 e5 29. b4 Rd8 30. Rf3 exd4 31. g3 Be5 32. Rc5 Qd7 33. Bf4 Rxc5
34. bxc5 Bxf4 35. Rxf4 d3 36. c6 Qd5 37. Qd2 Ra8 38. f3 Ra1+ 39. Kh2 Ra2 0-1

[Event "IV Weekend A"]
[Site "Castelfidardo ITA"]
[Date "2000.12.03"]
[Round "5"]
[White "Castura', Ilario"]
[Black "Rinaudo, Andrea"]
[Result "1-0"]
[WhiteElo "1500"]
[BlackElo "1813"]
[PlyCount "135"]
[EventDate "2000.11.25"]

1. e4 c5 2. Nf3 d6 3. d4 cxd4 4. Nxd4 Nf6 5. Nc3 a6 6. Bg5 e6 7. f4 Nbd7 8. Bc4
Qb6 9. Qd2 Be7 10. O-O-O O-O 11. Rhe1 h6 12. Bxf6 Nxf6 13. h3 Qc5 14. Bb3 Re8
15. Nf3 b5 16. e5 dxe5 17. fxe5 Nd7 18. Ne4 Qc7 19. Nd6 Rd8 20. Qf4 Bxd6 21.
exd6 Qc5 22. g4 Bb7 23. h4 Bxf3 24. Qxf3 a5 25. a4 b4 26. Kb1 Rac8 27. Qf4 Nf6
28. g5 hxg5 29. hxg5 Nd5 30. Qh4 Rxd6 31. Rh1 Kf8 32. Qh8+ Ke7 33. Qxg7 Rf8 34.
Bxd5 Rxd5 35. Qf6+ Kd7 36. Rhe1 Rxd1+ 37. Rxd1+ Kc7 38. b3 Kb7 39. Rd7+ Kc6 40.
Rxf7 Qg1+ 41. Kb2 Rxf7 42. Qxe6+ Kc5 43. Qxf7 Qxg5 44. Qc7+ Kd4 45. c3+ bxc3+
46. Qxc3+ Ke4 47. b4 Qg2+ 48. Ka3 axb4+ 49. Qxb4+ Ke5 50. a5 Qf3+ 51. Ka4 Qa8
52. Qb6 Kd5 53. a6 Ke5 54. a7 Qe4+ 55. Ka5 Qe1+ 56. Ka6 Qh1 57. Qb7 Qa1+ 58.
Kb6 Qd4+ 59. Kc7 Qd6+ 60. Kc8 Qf8+ 61. Kd7 Qf7+ 62. Kc6 Qd5+ 63. Kb6 Qd4+ 64.
Kb5 Qd3+ 65. Ka4 Qd4+ 66. Kb3 Qd3+ 67. Ka2 Qd2+ 68. Qb2+ 1-0

[Event "IV Weekend A"]
[Site "Castelfidardo ITA"]
[Date "2000.12.03"]
[Round "5"]
[White "Cerusico, Carlo"]
[Black "Possanzini, Lorenzo"]
[Result "1/2-1/2"]
[WhiteElo "1431"]
[BlackElo "1516"]
[PlyCount "43"]
[EventDate "2000.11.25"]

1. d4 c5 2. d5 Nf6 3. c4 g6 4. Nc3 d6 5. Nf3 Bg7 6. Bd2 h6 7. h3 g5 8. e4 Nfd7
9. Bd3 Ne5 10. Nxe5 Bxe5 11. O-O Nd7 12. Be2 Nf6 13. f4 Bd4+ 14. Kh2 gxf4 15.
Bxf4 Bxc3 16. bxc3 Nxe4 17. Bh5 Nf6 18. Qf3 Kd7 19. Bxf7 Kc7 20. Rae1 Rf8 21.
Be6 Bxe6 22. Rxe6 1/2-1/2

[Event "IV Weekend A"]
[Site "Castelfidardo ITA"]
[Date "2000.12.03"]
[Round "5"]
[White "Fioravanti, Diego"]
[Black "Fioravanti, Emidio"]
[Result "1/2-1/2"]
[WhiteElo "1618"]
[BlackElo "1825"]
[PlyCount "56"]
[EventDate "2000.11.25"]

1. b3 d5 2. Bb2 c5 3. e3 Nc6 4. Nf3 Bg4 5. Be2 Nf6 6. O-O Qc7 7. h3 h5 8. Nc3
e6 9. Nb5 Qb8 10. d4 a6 11. Nc3 g5 12. dxc5 Bxf3 13. gxf3 Bxc5 14. Na4 Be7 15.
Nb6 Ra7 16. c4 g4 17. f4 gxh3 18. Kh2 Rg8 19. Rg1 Qc7 20. cxd5 Qxb6 21. dxc6
Rxg1 22. Qxg1 Qxc6 23. Rc1 Qg2+ 24. Qxg2 hxg2 25. Bxf6 Bxf6 26. Bxh5 b5 27.
Kxg2 Ke7 28. e4 Bd4 1/2-1/2

[Event "IV Weekend A"]
[Site "Castelfidardo ITA"]
[Date "2000.12.03"]
[Round "5"]
[White "Marconi, Andrea"]
[Black "Ragnini, Damiano"]
[Result "0-1"]
[WhiteElo "1525"]
[BlackElo "1356"]
[PlyCount "32"]
[EventDate "2000.11.25"]

1. Nf3 c5 2. b3 Nf6 3. Bb2 e6 4. e3 Be7 5. Be2 O-O 6. O-O b6 7. c4 Bb7 8. Qc2
Nc6 9. a3 Qc7 10. Ng5 Ne5 11. f4 Qc6 12. Rf2 Ng6 13. Nc3 Nh4 14. Nb5 Nf5 15.
Raf1 a6 16. g4 Qh1# 0-1

[Event "IV Weekend A"]
[Site "Castelfidardo ITA"]
[Date "2000.12.03"]
[Round "5"]
[White "Morici, Marco"]
[Black "Brunelli, Lorenzo"]
[Result "0-1"]
[WhiteElo "1606"]
[BlackElo "1494"]
[PlyCount "126"]
[EventDate "2000.11.25"]

1. c4 c5 2. Nf3 Nf6 3. Nc3 Nc6 4. g3 g6 5. Bg2 Bg7 6. O-O O-O 7. d4 cxd4 8.
Nxd4 Qb6 9. Ndb5 a6 10. Be3 Qa5 11. Na3 Ng4 12. Bd2 d6 13. Nd5 Qd8 14. Bc3 e6
15. Bxg7 Kxg7 16. Nc3 f5 17. e4 e5 18. Nd5 Nd4 19. Nc2 Nc6 20. Qd2 Nf6 21. Rfe1
fxe4 22. Nxf6 Rxf6 23. Bxe4 Qb6 24. Ne3 Nd4 25. Nd5 Qd8 26. Nxf6 Qxf6 27. Qd3
Ra7 28. Rac1 b6 29. Bd5 Bg4 30. Rc3 Rf7 31. f4 Rf8 32. Qe3 Qf5 33. Be4 Qh5 34.
Kh1 Ne2 35. Rd3 exf4 36. gxf4 Nxf4 37. Qd4+ Rf6 38. Rf1 Qg5 39. Bf3 Nxd3 40.
Bxg4 Ne5 41. Rxf6 Qxf6 42. Be2 Nd7 43. Qg4 Qf5 44. Qd4+ Qe5 45. Qg4 Nf6 46. Qf3
Qxb2 47. Qb7+ Kh6 48. Qe7 Qe5 49. Qf8+ Kg5 50. h4+ Kxh4 51. Qh6+ Nh5 52. Bf1
Qe4+ 53. Kg1 Qg4+ 54. Kh1 Qf3+ 55. Bg2 Qg3 56. Kg1 Qe1+ 57. Kh2 g5 58. Qf8 Qg3+
59. Kg1 Nf4 60. Qh6+ Kg4 61. Qh1 Qxg2+ 62. Qxg2+ Nxg2 63. Kxg2 Kf4 0-1

[Event "IV Weekend A"]
[Site "Castelfidardo ITA"]
[Date "2000.12.03"]
[Round "5"]
[White "Muzzi, Claudio"]
[Black "Marinucci, Johnny"]
[Result "1/2-1/2"]
[WhiteElo "1470"]
[BlackElo "1365"]
[PlyCount "111"]
[EventDate "2000.11.25"]

1. e4 Nf6 2. Nc3 d5 3. exd5 Nxd5 4. Nxd5 Qxd5 5. c4 Qe4+ 6. Qe2 Qxe2+ 7. Bxe2
b6 8. Bf3 c6 9. b4 Bb7 10. Ne2 Nd7 11. Bb2 e5 12. b5 Rc8 13. g4 Nc5 14. O-O e4
15. Bg2 cxb5 16. cxb5 Nd3 17. Bc3 f6 18. Nc1 Nf4 19. Re1 Nxg2 20. Kxg2 Bd6 21.
Nb3 O-O 22. Kg1 Rfe8 23. Rac1 Bf4 24. Bb4 Rcd8 25. Rc2 Rd3 26. Rc3 Red8 27.
Rec1 Rxc3 28. Rxc3 Kf7 29. Rc2 Kg6 30. Nc1 h5 31. Ne2 Be5 32. Bc3 Bb8 33. h3
hxg4 34. hxg4 Rh8 35. Nd4 e3 36. Nc6 e2 37. d4 Kg5 38. Rxe2 Kxg4 39. Re7 Ba8
40. Rxg7+ Kf5 41. d5 Bd6 42. Rxa7 Ke4 43. Bxf6 Rg8+ 44. Kf1 Kxd5 45. Ne7+ Bxe7
46. Bxe7 Kc4 47. Bh4 Kxb5 48. f4 Bd5 49. a3 Rg2 50. Bg5 Ra2 51. Ke1 Kc6 52. Be7
Kb5 53. f5 Kc4 54. f6 Kd3 55. Rd7 Ke4 56. Rxd5 1/2-1/2

[Event "IV Weekend A"]
[Site "Castelfidardo ITA"]
[Date "2000.12.03"]
[Round "5"]
[White "Negri, Jacopo"]
[Black "Rinaudo, Sergio"]
[Result "1/2-1/2"]
[WhiteElo "1600"]
[BlackElo "1783"]
[PlyCount "27"]
[EventDate "2000.11.25"]

1. e4 e5 2. Nf3 Nc6 3. d4 exd4 4. Nxd4 Bc5 5. Be3 Qf6 6. c3 Nge7 7. Bc4 Ne5 8.
Be2 a5 9. O-O Qb6 10. Nd2 Qxb2 11. Rb1 Qxa2 12. Ra1 Qb2 13. Rb1 Qa2 14. Ra1
1/2-1/2

[Event "IV Weekend A"]
[Site "Castelfidardo ITA"]
[Date "2000.12.03"]
[Round "5"]
[White "Padovani, Alessio"]
[Black "Baleani, Emanuele"]
[Result "1-0"]
[WhiteElo "1497"]
[BlackElo "1629"]
[PlyCount "139"]
[EventDate "2000.11.25"]

1. c4 c5 2. g3 Nf6 3. Bg2 e6 4. Nc3 Be7 5. Nf3 d5 6. cxd5 Nxd5 7. O-O O-O 8. d3
Nd7 9. Ne4 b6 10. Bd2 Bb7 11. a4 N7f6 12. Nc3 Nxc3 13. bxc3 Qc7 14. c4 Rad8 15.
a5 Rd7 16. axb6 axb6 17. Qb3 Ra8 18. Rxa8+ Bxa8 19. Ra1 Rd8 20. Ra6 Nd7 21. Qa2
Bxf3 22. Bxf3 Rb8 23. Ra7 Qd6 24. Qa4 Nf6 25. Qc6 Qxc6 26. Bxc6 Bd6 27. Bg5 h6
28. Bxf6 gxf6 29. Bf3 Be5 30. Bh5 Rf8 31. Rb7 Bc3 32. Rxb6 Kg7 33. Rb7 e5 34.
Kg2 Bd2 35. Rc7 Bb4 36. Kf3 Ba3 37. Ke4 Bb4 38. e3 Ba3 39. d4 exd4 40. exd4
cxd4 41. Kxd4 Rd8+ 42. Kc3 Rf8 43. c5 Rd8 44. Bxf7 Kf8 45. Bb3 Ke8 46. Ba4+ Kf8
47. c6 Bc1 48. Rd7 Rxd7 49. cxd7 Ke7 50. Kc2 Ba3 51. Kd3 Bc5 52. f3 Bg1 53. h3
Bh2 54. g4 Bf4 55. Ke4 Bc7 56. f4 Kf7 57. Kf5 Bd8 58. h4 Bc7 59. g5 fxg5 60.
fxg5 hxg5 61. hxg5 Bd8 62. g6+ Kg7 63. Bb3 Be7 64. Bf7 Kf8 65. Ke6 Bd8 66. Kd6
Ba5 67. Kc6 Ke7 68. Be8 Kf8 69. Kb7 Bd8 70. Kc8 1-0

[Event "IV Weekend A"]
[Site "Castelfidardo ITA"]
[Date "2000.12.03"]
[Round "5"]
[White "Rotoni, Matteo"]
[Black "Graziani, Claudio"]
[Result "1/2-1/2"]
[WhiteElo "1831"]
[BlackElo "1759"]
[PlyCount "32"]
[EventDate "2000.11.25"]

1. e4 e5 2. Nf3 Nc6 3. Bc4 Bc5 4. c3 Nf6 5. d4 exd4 6. cxd4 Bb4+ 7. Nc3 Nxe4 8.
O-O Bxc3 9. d5 Bf6 10. Re1 Ne7 11. Rxe4 d6 12. Bg5 Bxg5 13. Nxg5 O-O 14. Nxh7
Kxh7 15. Qh5+ Kg8 16. Rh4 f6 1/2-1/2

[Event "IV Weekend A"]
[Site "Castelfidardo ITA"]
[Date "2000.12.03"]
[Round "5"]
[White "Yamauchi, Juan"]
[Black "Mircoli, Filippo"]
[Result "1-0"]
[WhiteElo "1464"]
[BlackElo "1537"]
[PlyCount "83"]
[EventDate "2000.11.25"]

1. c4 e6 2. Nf3 Nf6 3. Nc3 Bb4 4. g3 O-O 5. Bg2 c6 6. O-O d5 7. cxd5 exd5 8. a3
Bxc3 9. bxc3 Bf5 10. d3 Re8 11. Nd4 Bg6 12. Rb1 Qc7 13. Bf4 Qe7 14. Qb3 Nbd7
15. Qxb7 c5 16. Nc6 Qxe2 17. Rb2 Qxd3 18. Ne5 Nxe5 19. Bxe5 Ne4 20. Bf4 h6 21.
Rc1 a5 22. Be3 d4 23. Bf1 Nd6 24. Bxd3 Nxb7 25. Bxg6 dxe3 26. Bxf7+ Kxf7 27.
Rxb7+ Kf6 28. f4 Rad8 29. Rb5 e2 30. Re1 Rd1 31. Kf2 Ra1 32. Rxa5 Ra2 33. Rxc5
Rxa3 34. h4 Ra2 35. c4 Rc2 36. g4 Re6 37. h5 Ke7 38. Rc7+ Kf6 39. c5 g6 40.
hxg6 Re7 41. Rxe7 Kxe7 42. Rxe2+ 1-0

[Event "IV Weekend A"]
[Site "Castelfidardo ITA"]
[Date "2000.12.03"]
[Round "6"]
[White "Baleani, Emanuele"]
[Black "Marinucci, Johnny"]
[Result "0-1"]
[WhiteElo "1629"]
[BlackElo "1365"]
[PlyCount "76"]
[EventDate "2000.11.25"]

1. e4 Nf6 2. Nc3 d5 3. exd5 Nxd5 4. Nxd5 Qxd5 5. Nf3 Qe4+ 6. Be2 Bg4 7. O-O Nc6
8. Re1 Bf5 9. Bd3 Qd5 10. Bxf5 Qxf5 11. d3 O-O-O 12. Be3 e6 13. a3 h6 14. b4 g5
15. Rb1 Bg7 16. Qe2 Bf6 17. Nd2 Nd4 18. Bxd4 Bxd4 19. Ne4 Qg6 20. c3 Bg7 21. d4
e5 22. dxe5 Bxe5 23. c4 Rhe8 24. Qf3 g4 25. Qe3 Kb8 26. Ng3 f5 27. c5 f4 28.
Qe4 Qg5 29. Qf5 fxg3 30. Qxg5 gxh2+ 31. Kh1 hxg5 32. g3 Bd4 33. Rf1 Re2 34.
Rbd1 Kc8 35. Kg2 h1=Q+ 36. Kxh1 Rxf2 37. Rfe1 Rh8+ 38. Kg1 Rd2+ 0-1

[Event "IV Weekend A"]
[Site "Castelfidardo ITA"]
[Date "2000.12.03"]
[Round "6"]
[White "Brunelli, Lorenzo"]
[Black "Possanzini, Lorenzo"]
[Result "0-1"]
[WhiteElo "1494"]
[BlackElo "1516"]
[PlyCount "52"]
[EventDate "2000.11.25"]

1. d4 e5 2. dxe5 Nc6 3. Nf3 f6 4. exf6 Nxf6 5. e3 d5 6. Be2 Bd6 7. Nc3 Bb4 8.
O-O O-O 9. a3 Bxc3 10. bxc3 Ne4 11. Bb2 Bg4 12. h3 Bh5 13. Qd3 Bxf3 14. Bxf3
Ne5 15. Qd4 Nxf3+ 16. gxf3 Qg5+ 17. Kh2 Rxf3 18. c4 Raf8 19. Rg1 Rxf2+ 20. Kh1
Ng3+ 21. Rxg3 Qxg3 22. Qxd5+ R2f7 23. Bxg7 Qxh3+ 24. Kg1 Kxg7 25. Qe5+ Kg8 26.
Qd5 Kh8 0-1

[Event "IV Weekend A"]
[Site "Castelfidardo ITA"]
[Date "2000.12.03"]
[Round "6"]
[White "Cerusico, Carlo"]
[Black "Muzzi, Claudio"]
[Result "0-1"]
[WhiteElo "1431"]
[BlackElo "1470"]
[PlyCount "44"]
[EventDate "2000.11.25"]

1. d4 Nf6 2. Nf3 g6 3. c4 Bg7 4. Nc3 d5 5. h3 O-O 6. e3 c6 7. Bd3 dxc4 8. Bxc4
Nbd7 9. O-O Qc7 10. Re1 Nb6 11. Bd3 Nfd7 12. e4 e5 13. Be3 exd4 14. Bxd4 Ne5
15. Bxe5 Bxe5 16. Nxe5 Qxe5 17. Qc2 Be6 18. Rad1 Rfd8 19. b3 Nd7 20. f3 Qg5 21.
Qd2 Qe7 22. Qe2 Qc5+ 0-1

[Event "IV Weekend A"]
[Site "Castelfidardo ITA"]
[Date "2000.12.03"]
[Round "6"]
[White "Fioravanti, Emidio"]
[Black "Rinaudo, Andrea"]
[Result "0-1"]
[WhiteElo "1825"]
[BlackElo "1813"]
[PlyCount "156"]
[EventDate "2000.11.25"]

1. e4 c5 2. Nf3 d6 3. d4 cxd4 4. Nxd4 Nf6 5. Nc3 a6 6. Bc4 e5 7. Nf5 Bxf5 8.
exf5 Nc6 9. O-O Be7 10. Be3 O-O 11. Nd5 Rc8 12. Bb3 b5 13. c3 Nxd5 14. Qxd5 Na5
15. f4 Qc7 16. Qf3 Nxb3 17. axb3 Qc6 18. Qg3 e4 19. Bd4 f6 20. Rfe1 d5 21. b4
Ra8 22. Qe3 Bd8 23. Bc5 Rf7 24. Kf2 a5 25. bxa5 Rxa5 26. b4 Ra4 27. Reb1 Rb7
28. Qd4 Bb6 29. Ke3 Bxc5 30. Qxc5 Qxc5+ 31. bxc5 Rc4 32. Ra3 Rxc5 33. Kd4 Rc4+
34. Kxd5 Rbc7 35. Rxb5 g6 36. Rb8+ Kg7 37. Rb7 e3 38. Rxc7+ Rxc7 39. c4 Rd7+
40. Ke6 Rc7 41. Rxe3 Rxc4 42. g3 Rc5 43. fxg6 hxg6 44. Rb3 Rc6+ 45. Kd5 Rc7 46.
Kd6 Ra7 47. Rc3 Ra6+ 48. Rc6 Ra2 49. Rc7+ Kh6 50. Ke6 Ra6+ 51. Kf7 f5 52. Rc8
Ra7+ 53. Kf6 Ra6+ 54. Ke7 Ra7+ 55. Kd6 Ra6+ 56. Ke5 Ra5+ 57. Kd6 Ra6+ 58. Rc6
Ra2 59. Rc8 Ra6+ 60. Kc5 Ra2 61. Kb4 Re2 62. Kc3 Kg7 63. Kd4 Rxh2 64. Rc7+ Kf6
65. Rc6+ Kg7 66. Ke3 Ra2 67. Rc7+ Kf6 68. Rc6+ Kf7 69. Rc7+ Ke6 70. Kf3 Ra3+
71. Kg2 Ra6 72. Kh3 Kd5 73. Kh4 Ke4 74. Kg5 Kf3 75. Rc3+ Ke4 76. g4 Kd4 77. Rg3
Ke4 78. Rg1 Ra4 0-1

[Event "IV Weekend A"]
[Site "Castelfidardo ITA"]
[Date "2000.12.03"]
[Round "6"]
[White "Graziani, Claudio"]
[Black "Castura', Ilario"]
[Result "1-0"]
[WhiteElo "1759"]
[BlackElo "1500"]
[PlyCount "47"]
[EventDate "2000.11.25"]

1. e4 d6 2. d4 Nf6 3. Nc3 g6 4. Be3 Bg7 5. f3 Nbd7 6. Qd2 O-O 7. O-O-O Nb6 8.
g4 Be6 9. d5 Bd7 10. h4 h5 11. Bh6 Kh7 12. Bxg7 Kxg7 13. gxh5 Nxh5 14. Qd4+ Kh7
15. Nh3 f6 16. f4 Bxh3 17. Bxh3 Nxf4 18. h5 Nxh3 19. hxg6+ Kxg6 20. Rxh3 Rh8
21. e5 Qf8 22. e6 Rh6 23. Qg4+ Kh7 24. Rdh1 1-0

[Event "IV Weekend A"]
[Site "Castelfidardo ITA"]
[Date "2000.12.03"]
[Round "6"]
[White "Negri, Jacopo"]
[Black "Yamauchi, Juan"]
[Result "1-0"]
[WhiteElo "1600"]
[BlackElo "1464"]
[PlyCount "49"]
[EventDate "2000.11.25"]

1. e4 c5 2. c3 e6 3. d4 cxd4 4. cxd4 Nf6 5. Bd3 g6 6. Nf3 Bg7 7. O-O O-O 8. Nc3
a6 9. e5 Ne8 10. Bg5 f6 11. Bh4 Qb6 12. Qe2 Nc6 13. Rfd1 f5 14. Bc4 Kh8 15. a3
Nc7 16. b4 Nb5 17. Bxb5 axb5 18. Nxb5 h6 19. Nd6 g5 20. Bxg5 hxg5 21. Nxg5 Bh6
22. Qh5 Kg7 23. Ne8+ Rxe8 24. Qf7+ Kh8 25. Qh7# 1-0

[Event "IV Weekend A"]
[Site "Castelfidardo ITA"]
[Date "2000.12.03"]
[Round "6"]
[White "Rinaudo, Sergio"]
[Black "Padovani, Alessio"]
[Result "1-0"]
[WhiteElo "1783"]
[BlackElo "1497"]
[PlyCount "67"]
[EventDate "2000.11.25"]

1. d4 f5 2. Nf3 Nf6 3. g3 d5 4. Bg2 e6 5. O-O Bd6 6. c4 c6 7. Qb3 O-O 8. Ng5
Qe7 9. h4 Ne4 10. Bxe4 fxe4 11. Nh3 Nd7 12. Bg5 Qe8 13. Nd2 h6 14. Bf4 e5 15.
dxe5 Bxe5 16. cxd5 Nf6 17. Bxe5 Qxe5 18. Nf4 Kh7 19. dxc6 bxc6 20. Nc4 Qc5 21.
Rac1 Bf5 22. Ne3 Qe5 23. Rxc6 Bd7 24. Qc3 Qb5 25. Rc5 Qb7 26. Rd1 Be8 27. Rc7
Qb6 28. Nfd5 Qe6 29. Re7 Qc6 30. Qe5 Rf7 31. Nxf6+ Qxf6 32. Qxe4+ Kg8 33. Rxf7
Bxf7 34. Qxa8+ 1-0